Participation in the German economy

Spremljeno u:
Bibliografski detalji
Format: Knjiga
Jezik:Undetermined
Izdano: Germany DIT 1973
Teme:
Oznake: Dodaj oznaku
Bez oznaka, Budi prvi tko označuje ovaj zapis!
Thư viện lưu trữ: Trung tâm Học liệu Trường Đại học Cần Thơ
LEADER 00412nam a2200157Ia 4500
001 CTU_83060
008 210402s9999 xx 000 0 und d
082 |a 338.9 
082 |b P273 
245 0 |a Participation in the German economy 
260 |a Germany 
260 |b DIT 
260 |c 1973 
650 |a Economic development 
904 |i QHieu(sửa) 
980 |a Trung tâm Học liệu Trường Đại học Cần Thơ